00700nam a22001577a 450000100060000000300060000600500170001200800410002902000180007004000290008808200100011710000200012724500720014730000610021952002620028010040FISKH20260401101509.0260331b cb ||||| |||| 00| 0 eng d a9787511037404 aFISKHbchicFISKHdFISKH a155.4 a引进版绘本 a幸福成长绘本 :bVegatable garden adventure /c引进版绘本 a32 unnumbered pages : bcolor illustrations ; c28 cm .  a本书属于**“幸福成长绘本(第2辑)”系列**,为引进版儿童绘本。每册通过生动有趣的故事,帮助孩子学习: 情绪管理 人际交往 自信与成长 内容温馨、图画丰富,适合儿童阅读与性格培养。